Intervención social y el debate sobre lo público : (Registro nro. 49733)

Detalles MARC
000 -LEADER
campo de control de longitud fija 02882nam a2200397 i 4500
001 - NÚMERO DE CONTROL
campo de control 49733
003 - IDENTIFICADOR DE NÚMERO DE CONTROL
campo de control FINmELB
005 - FECHA Y HORA DE LA ÚLTIMA TRANSACCIÓN
campo de control 20241216232151.0
006 - CÓDIGOS DE INFORMACIÓN DE LONGITUD FIJA--CARACTERÍSTICAS DEL MATERIAL ADICIONAL
campo de control de longitud fija m o d |
007 - CAMPO FIJO DE DESCRIPCIÓN FÍSICA--INFORMACIÓN GENERAL
campo de control de longitud fija cr cnu||||||||
008 - DATOS DE LONGITUD FIJA--INFORMACIÓN GENERAL
campo de control de longitud fija 210622s2014 sp a o 000 0 spa d
020 ## - NÚMERO INTERNACIONAL ESTÁNDAR DEL LIBRO
Número Internacional Estándar del Libro 9781512973792
Información calificativa (e-book)
020 ## - NÚMERO INTERNACIONAL ESTÁNDAR DEL LIBRO
ISBN cancelado o inválido 9789588357928
040 ## - FUENTE DE CATALOGACIÓN
Centro catalogador/agencia de origen FINmELB
Lengua de catalogación spa
Normas de descripción rda
Centro/agencia transcriptor FINmELB
050 #4 - SIGNATURA TOPOGRÁFICA DE LA BIBLIOTECA DEL CONGRESO
Número de clasificación HV40
Número de ítem .I584 2014
080 ## - NÚMERO DE LA CLASIFICACIÓN DECIMAL UNIVERSAL
Número de la Clasificación Decimal Universal 364-782
082 04 - NÚMERO DE LA CLASIFICACIÓN DECIMAL DEWEY
Número de clasificación 361.8
Información de edición 23
035 ## - NÚMERO DE CONTROL DEL SISTEMA
Número de control de sistema (OCoLC)1261027816
245 00 - MENCIÓN DEL TÍTULO
Título Intervención social y el debate sobre lo público :
Resto del título reflexiones conceptuales y casos locales /
Mención de responsabilidad, etc. Grupo de Investigación en Intervención y Responsabilidad Social.
264 #1 - PRODUCCIÓN, PUBLICACIÓN, DISTRIBUCIÓN, FABRICACIÓN Y COPYRIGHT
Producción, publicación, distribución, fabricación y copyright Cali :
Nombre del de productor, editor, distribuidor, fabricante Editorial Universidad Icesi,
Fecha de producción, publicación, distribución, fabricación o copyright 2014.
300 ## - DESCRIPCIÓN FÍSICA
Extensión 1 recurso en línea (255 páginas) :
Otras características físicas ilustraciones
336 ## - TIPO DE CONTENIDO
Término de tipo de contenido texto
Código de tipo de contenido txt
Fuente rdacontent/spa
337 ## - TIPO DE MEDIO
Nombre/término del tipo de medio computadora
Código del tipo de medio c
Fuente rdamedia/spa
338 ## - TIPO DE SOPORTE
Nombre/término del tipo de soporte recurso en línea
Código del tipo de soporte cr
Fuente rdacarrier/spa
490 1# - MENCIÓN DE SERIE
Mención de serie Colección el sur es cielo roto ;
Designación de volumen o secuencia 9
505 0# - NOTA DE CONTENIDO CON FORMATO
Nota de contenido con formato PÁGINA LEGAL -- CONTENIDO -- PRÓLOGO -- INTRODUCCIÓN -- UNA MIRADA GENERAL DE LA CONSTRUCCIÓN DE LO PÚBLICO -- RUPTURAS Y HERENCIAS EN LA INTERVENCIÓN SOCIAL: FILANTROPÍA, (...) -- INTERVENCIÓN SOCIAL: ALGUNAS PISTAS PARA SU COMPRENSIÓN Y PARA TRAZAR (...) -- LA INTERVENCIÓN SOCIAL Y SUS RETOS FRENTE AL QUEHACER DE LAS CIENCIAS (...) -- METÁFORAS DE EMPRESA: REFLEXIONES CONCEPTUALES SOBRE RESPONSABILIDAD (...) -- ¿MEDIR LA RESPONSABILIDAD SOCIAL EMPRESARIAL? HACIA UNA PERSPECTIVA CRÍTICA -- TRANSFORMACIONES DEL TERCER SECTOR EN SANTIAGO DE CALI EN EL PERIODO 2005 (...) -- LAS MEDIADORAS DE LA INTERVENCIÓN SOCIAL EN LA CONSTRUCCIÓN DE UN (...) -- VOCES SUBALTERNAS EN LA CONSTRUCCIÓN DE UN SUEÑO DE VIVIENDA -- EL ESTADO, LAS POLÍTICAS PÚBLICAS Y LA CONSTRUCCIÓN DE LO PÚBLICO: (...) -- SOBRE LOS AUTORES -- ÍNDICE TEMÁTICO.
520 ## - RESUMEN, ETC.
Sumario, etc. El libro Intervención social y el debate sobre lo público: reflexiones conceptuales y casos locales recoge los resultados de investigación del Observatorio de Cooperación Internacional, Intervención y Responsabilidad Social (OCIR) sobre las múltiples confluencias en torno a lo público, de los diversos actores relacionales con esos temas, el Estado, las ONG, las empresas y sus fundaciones y las comunidades y sus organizaciones de base.
588 ## - NOTA DE FUENTE DE LA DESCRIPCIÓN
Nota de fuente de la descripción Descripción basada en metadatos suministrados por el editor y otras fuentes.
590 ## - NOTA LOCAL (RLIN)
Nota local Recurso electrónico. Santa Fe, Arg.: elibro, 2021. Disponible vía World Wide Web. El acceso puede estar limitado para las bibliotecas afiliadas a elibro.
650 #4 - PUNTO DE ACCESO ADICIONAL DE MATERIA--TÉRMINO DE MATERIA
Término de materia o nombre geográfico como elemento de entrada Intervención social
Subdivisión geográfica Cali (Valle del Cauca, Colombia)
650 #0 - PUNTO DE ACCESO ADICIONAL DE MATERIA--TÉRMINO DE MATERIA
Término de materia o nombre geográfico como elemento de entrada Social service
Subdivisión geográfica Colombia
-- Cali.
655 #4 - TERMINO DE INDIZACIÓN--GENERO/FORMA
Datos o término principal de género/forma Libros electrónicos.
797 2# - PUNTO DE ACCESO ADICIONAL LOCAL--NOMBRE DE ENTIDAD CORPORATIVA (RLIN)
Nombre de entidad corporativa o nombre de jurisdicción como elemento de entrada elibro, Corp.
830 #0 - PUNTO DE ACCESO ADICIONAL DE SERIE-TÍTULO UNIFORME
Título uniforme Colección el sur es cielo roto ;
Designación de volumen o secuencia 9.
856 40 - LOCALIZACIÓN Y ACCESO ELECTRÓNICOS
Identificador Uniforme de Recurso <a href="https://elibro.net/ereader/politecnicointernacional/120401">https://elibro.net/ereader/politecnicointernacional/120401</a>

No hay ítems disponibles.


Politécnico Internacional

Institución de Educación Superior
Vigilado Mineducación.
SNES 4727 +4135 DEL 11 de nov. de 2004

Sedes

Sede Norte - Av. Boyacá 138 - 70

Sede Sur - Autopista Sur No 67 - 71

Sede Av Chile - Calle 73 Nº 10-45

Información Legal

Derechos Pecuniarios | Habeas Data | Reglamento Biblioteca


Compartir

YouTube | Twitter | Facebook | LinkedIn


Comunícate con nosotros:

Admisiones: 60-1-7950000
Atención al cliente: 60-1-4005700